[Event "C.to Europeo U18"]
[Site "Budva MNE"]
[Date "2013.10.01"]
[Round "3"]
[White "Altini, Nicola"]
[Black "Barbot, Pierre"]
[Result "1/2-1/2"]
[WhiteElo "2382"]
[BlackElo "2392"]
[PlyCount "81"]
[EventDate "2013.09.29"]

1. d4 Nf6 2. c4 g6 3. Nc3 d5 4. Nf3 Bg7 5. h4 c6 6. cxd5 cxd5 7. Bf4 O-O 8. e3
Nc6 9. Be2 Qb6 10. a3 Bg4 11. O-O Rfc8 12. Ne5 Bxe2 13. Qxe2 e6 14. g4 Nxe5 15.
Bxe5 Ne4 16. Nxe4 Bxe5 17. Nc3 Bf6 18. g5 Be7 19. f4 h5 20. Rac1 Rc4 21. Na2
Rac8 22. Rxc4 dxc4 23. Nc3 Qb3 24. Rc1 b5 25. Kg2 a5 26. Ne4 Kg7 27. Kf3 b4 28.
axb4 axb4 29. Nc5 Bxc5 30. Rxc4 Qa2 31. dxc5 Qb1 32. Kg2 Qf5 33. b3 Kh7 34. Qf3
Qd3 35. e4 Qd2+ 36. Qf2 Qd1 37. Qf3 Qd2+ 38. Qf2 Qd1 39. Qf3 Qd2+ 40. Qf2 Qd1
41. Qf3 1/2-1/2

[Event "C.to Europeo U18"]
[Site "Budva MNE"]
[Date "2013.10.02"]
[Round "4"]
[White "Neves Da Silva, Luis"]
[Black "Altini, Nicola"]
[Result "1/2-1/2"]
[WhiteElo "2281"]
[BlackElo "2382"]
[PlyCount "80"]
[EventDate "2013.09.29"]

1. e4 e5 2. Nf3 Nc6 3. Bb5 Nf6 4. O-O Nxe4 5. Re1 Nd6 6. Nxe5 Be7 7. Bf1 Nf5 8.
c3 Nxe5 9. Rxe5 d6 10. Re1 d5 11. d4 O-O 12. Bf4 Bd6 13. Qf3 Nh4 14. Qg3 Nf5
15. Qf3 Nh4 16. Qg3 Bxf4 17. Qxf4 Ng6 18. Qe3 Bf5 19. Nd2 Re8 20. Qxe8+ Qxe8
21. Rxe8+ Rxe8 22. g3 c6 23. f3 f6 24. Kf2 Kf7 25. Nb3 b6 26. Re1 Rxe1 27. Kxe1
Ke7 28. Kd2 Kd6 29. Nc1 Nf8 30. Nd3 g5 31. Ke3 h6 32. f4 Nd7 33. fxg5 fxg5 34.
Be2 Ke6 35. Nb4 Kd6 36. Nd3 Ke6 37. Nb4 Kd6 38. Nd3 Ke6 39. Nb4 Kd6 40. Nd3 Ke6
1/2-1/2

[Event "C.to Europeo U18"]
[Site "Budva MNE"]
[Date "2013.10.03"]
[Round "5"]
[White "Altini, Nicola"]
[Black "Theodorou, Nikolas"]
[Result "1/2-1/2"]
[WhiteElo "2382"]
[BlackElo "2199"]
[PlyCount "81"]
[EventDate "2013.09.29"]

1. d4 Nf6 2. c4 e6 3. Nf3 d5 4. g3 Bb4+ 5. Bd2 Be7 6. Bg2 O-O 7. O-O c6 8. Nc3
Nbd7 9. Bf4 b6 10. Rc1 dxc4 11. Nd2 Nd5 12. Nxc4 Nxf4 13. gxf4 Bb7 14. e3 Qc7
15. Qe2 Rad8 16. Rfd1 c5 17. d5 exd5 18. Nxd5 Bxd5 19. Bxd5 b5 20. Na3 a6 21.
Nb1 Nb6 22. Bf3 Bf6 23. b3 Rxd1+ 24. Rxd1 c4 25. bxc4 Nxc4 26. Nd2 Rd8 27. Nxc4
Rxd1+ 28. Qxd1 bxc4 29. Qa4 g6 30. Qxa6 c3 31. Be4 c2 32. Bxc2 Qxc2 33. Qxf6
Qd1+ 34. Kg2 Qg4+ 35. Kf1 Qd1+ 36. Kg2 Qg4+ 37. Kh1 Qd1+ 38. Kg2 Qg4+ 39. Kf1
Qd1+ 40. Kg2 Qg4+ 41. Kh1 1/2-1/2

[Event "C.to Europeo U18"]
[Site "Budva MNE"]
[Date "2013.10.05"]
[Round "6"]
[White "Salles, Louis"]
[Black "Altini, Nicola"]
[Result "1/2-1/2"]
[WhiteElo "2224"]
[BlackElo "2382"]
[PlyCount "97"]
[EventDate "2013.09.29"]

1. d4 d5 2. c4 c6 3. Nf3 Nf6 4. Nc3 dxc4 5. a4 Bf5 6. Nh4 e6 7. Nxf5 exf5 8. e3
Bb4 9. Bxc4 O-O 10. Qc2 g6 11. O-O Nbd7 12. f3 Rc8 13. Kh1 c5 14. Ba2 cxd4 15.
exd4 Kg7 16. Bf4 Nh5 17. Be3 Bd6 18. g4 f4 19. Bg1 Nhf6 20. Qd2 g5 21. Ne4 Nxe4
22. fxe4 h5 23. e5 Bb8 24. Qg2 h4 25. Rfe1 Nb6 26. d5 Nc4 27. Bd4 Ne3 28. Bxe3
fxe3 29. Rxe3 Qb6 30. Rae1 Qxe3 31. Rxe3 Rc1+ 32. Qg1 Rxg1+ 33. Kxg1 Re8 34. e6
fxe6 35. dxe6 Bf4 36. Rd3 Kf6 37. Bc4 Re7 38. h3 Rc7 39. b3 Ke7 40. Kg2 Bd6 41.
Kf3 Rc8 42. Rd5 Rc5 43. Rf5 Rxf5+ 44. gxf5 a5 45. Ke4 Bb4 46. Bd5 b6 47. Bc4
Kf6 48. Bd3 Bc5 49. Be2 1/2-1/2

[Event "C.to Europeo U18"]
[Site "Budva MNE"]
[Date "2013.10.06"]
[Round "7"]
[White "Altini, Nicola"]
[Black "Vaicekauskas, Gytis"]
[Result "1/2-1/2"]
[WhiteElo "2382"]
[BlackElo "2120"]
[PlyCount "49"]
[EventDate "2013.09.29"]

1. d4 Nf6 2. c4 e6 3. Nf3 c5 4. d5 exd5 5. cxd5 d6 6. Nc3 g6 7. e4 Bg7 8. h3
O-O 9. Bd3 b5 10. Nxb5 Re8 11. O-O Nxe4 12. Re1 a6 13. Nc3 Nxc3 14. Rxe8+ Qxe8
15. bxc3 Bxc3 16. Rb1 Nd7 17. Qa4 Qd8 18. Bg5 Nf6 19. Bxf6 Bxf6 20. Qc6 Bd7 21.
Qxd6 Bf5 22. Qxd8+ Rxd8 23. Bxf5 gxf5 24. Rb6 Bd4 25. Rc6 1/2-1/2

[Event "C.to Europeo U18"]
[Site "Budva MNE"]
[Date "2013.10.07"]
[Round "8"]
[White "Petrusic, Toni"]
[Black "Altini, Nicola"]
[Result "0-1"]
[WhiteElo "2289"]
[BlackElo "2382"]
[PlyCount "80"]
[EventDate "2013.09.29"]

1. e4 c5 2. Nf3 e6 3. d3 Nc6 4. g3 g6 5. Bg2 Bg7 6. O-O Nge7 7. Re1 d6 8. Nbd2
O-O 9. Nf1 e5 10. c3 h6 11. Rb1 Be6 12. c4 Rb8 13. Ne3 b5 14. Nd5 bxc4 15. dxc4
Nd4 16. Nxd4 exd4 17. a3 Nxd5 18. exd5 Bf5 19. Be4 Bxe4 20. Rxe4 Qd7 21. Bf4
Rfe8 22. Rxe8+ Rxe8 23. Qd3 h5 24. h4 Be5 25. Bxe5 dxe5 26. Re1 f5 27. b4 Qd6
28. Qd2 f4 29. gxf4 e4 30. bxc5 Qxc5 31. f5 e3 32. fxe3 Re4 33. exd4 Rg4+ 34.
Kf2 Qf8 35. Re5 Qf6 36. Qe3 Qxh4+ 37. Ke2 Rg2+ 38. Kd3 Rg3 39. Re8+ Kg7 40.
Re7+ Qxe7 0-1

[Event "C.to Europeo U18"]
[Site "Budva MNE"]
[Date "2013.10.08"]
[Round "9"]
[White "Mikaelyan, Arman"]
[Black "Altini, Nicola"]
[Result "1-0"]
[WhiteElo "2257"]
[BlackElo "2382"]
[PlyCount "125"]
[EventDate "2013.09.29"]

1. d4 d5 2. c4 c6 3. Nc3 Nf6 4. e3 Bf5 5. cxd5 cxd5 6. Qb3 Nc6 7. Qxb7 Bd7 8.
Qb3 Rb8 9. Qd1 e5 10. Nf3 Bd6 11. dxe5 Nxe5 12. Be2 Qc7 13. Nd4 O-O 14. h3 Ne4
15. Nxe4 dxe4 16. O-O Qd8 17. f4 exf3 18. Nxf3 Qe7 19. Nd4 Ng6 20. Bg4 Bxg4 21.
Qxg4 Qe5 22. Nf3 Qb5 23. a4 Qe8 24. Bd2 Rxb2 25. Qd4 Rb6 26. Bc3 f6 27. a5 Rc6
28. Qd5+ Kh8 29. Bd4 Qd7 30. Qh5 a6 31. Rac1 Rxc1 32. Rxc1 Rc8 33. Rxc8+ Qxc8
34. Qd5 Bg3 35. Kf1 h6 36. Ke2 Qe8 37. Kd3 Kh7 38. Qc4 Qa8 39. Bxf6 Qb7 40. Bc3
Qb1+ 41. Kd2 Qb7 42. Qd3 Qc6 43. h4 Kg8 44. Qd4 Qb7 45. h5 Nf8 46. Qc4+ Kh7 47.
Qc5 Qf7 48. Kc2 Nd7 49. Qd4 Nb8 50. Qe4+ Kg8 51. Qg4 Bc7 52. Nd4 Qa2+ 53. Kd3
Qb1+ 54. Ke2 Qa2+ 55. Kf3 Qf7+ 56. Nf5 Nc6 57. Ke2 Qa2+ 58. Bd2 Be5 59. Nxh6+
Kf8 60. Qc8+ Ke7 61. Nf5+ Kf6 62. Qxc6+ Kxf5 63. Qg6# 1-0

[Event "C.to Europeo U18 femminile"]
[Site "Budva MNE"]
[Date "2013.09.29"]
[Round "1"]
[White "Nevioselaya, Maria"]
[Black "Di Benedetto, Desiree"]
[Result "1-0"]
[WhiteElo "2065"]
[BlackElo "1822"]
[PlyCount "49"]
[EventDate "2013.09.29"]

1. e4 e6 2. d4 d5 3. Nc3 Nf6 4. e5 Nfd7 5. Nf3 c5 6. dxc5 Bxc5 7. Bd3 Nc6 8.
Bf4 f6 9. exf6 Nxf6 10. O-O O-O 11. Ne5 Nxe5 12. Bxe5 Bd6 13. Qe2 Bxe5 14. Qxe5
Bd7 15. Ne2 Qb6 16. Nf4 Rac8 17. Rae1 Rfe8 18. Nh5 Qd8 19. Re3 Nxh5 20. Qxh5 h6
21. Rg3 Qf6 22. Rf3 Qg5 23. Qf7+ Kh8 24. Qxd7 e5 25. Rg3 1-0

[Event "C.to Europeo U18 femminile"]
[Site "Budva MNE"]
[Date "2013.09.30"]
[Round "2"]
[White "Di Benedetto, Desiree"]
[Black "Horvath, Ilona Klara"]
[Result "1/2-1/2"]
[WhiteElo "1822"]
[BlackElo "1930"]
[PlyCount "83"]
[EventDate "2013.09.29"]

1. e4 c6 2. d4 d5 3. exd5 cxd5 4. Bd3 Nf6 5. c3 Nc6 6. h3 e6 7. Bf4 Bd6 8. Bxd6
Qxd6 9. Nf3 O-O 10. O-O a6 11. Re1 b5 12. Nbd2 Bb7 13. Ne5 b4 14. Nb3 Nd7 15.
Nxc6 Bxc6 16. cxb4 Qxb4 17. Bxh7+ Kxh7 18. Qc2+ Kg8 19. Qxc6 Nf6 20. Qc5 Qb7
21. Rac1 Ne4 22. Qa5 Rfc8 23. f3 Nd6 24. Qd2 Nc4 25. Qf2 a5 26. Rc2 Qb4 27. Nc5
a4 28. Nd3 Qb6 29. Ne5 Nxe5 30. Rxc8+ Rxc8 31. dxe5 Qb4 32. Kh1 Qc4 33. a3 g6
34. Rd1 Qb3 35. Rd2 Rc4 36. Qe2 Qb6 37. Rc2 Rxc2 38. Qxc2 Qd4 39. Qc3 Qd1+ 40.
Kh2 d4 41. Qc8+ Kg7 42. Qd8 1/2-1/2

[Event "C.to Europeo U18 femminile"]
[Site "Budva MNE"]
[Date "2013.10.01"]
[Round "3"]
[White "Oliveira, Maria Ines"]
[Black "Di Benedetto, Desiree"]
[Result "1-0"]
[WhiteElo "1984"]
[BlackElo "1822"]
[PlyCount "42"]
[EventDate "2013.09.29"]

1. e4 e6 2. d4 d5 3. e5 c5 4. Nf3 Nc6 5. Bd3 cxd4 6. O-O f6 7. Bb5 Bd7 8. Bxc6
bxc6 9. Qxd4 c5 10. Qf4 f5 11. b4 cxb4 12. Nbd2 Qc7 13. Nd4 Ne7 14. N2f3 Ng6
15. Qg3 Bc5 16. Bb2 O-O 17. Rfe1 a5 18. h4 Nh8 19. h5 Be7 20. Ne2 Qb6 21. Nf4
Bc6 1-0

[Event "C.to Europeo U18 femminile"]
[Site "Budva MNE"]
[Date "2013.10.02"]
[Round "4"]
[White "Serebryakova, Svetlana"]
[Black "Di Benedetto, Desiree"]
[Result "1/2-1/2"]
[WhiteElo "1626"]
[BlackElo "1822"]
[PlyCount "82"]
[EventDate "2013.09.29"]

1. d4 Nf6 2. c4 g6 3. Nc3 Bg7 4. e4 c5 5. d5 d6 6. Nf3 O-O 7. h3 Na6 8. a3 e6
9. Bd3 exd5 10. exd5 Re8+ 11. Be3 Nc7 12. O-O a6 13. Rc1 Rb8 14. b4 b6 15. Qc2
Nd7 16. Bg5 Bf6 17. Ne4 Bxg5 18. Nexg5 Ne5 19. Nxe5 Qxg5 20. f4 Qf6 21. Nc6 Ra8
22. f5 g5 23. bxc5 bxc5 24. Rb1 h6 25. Rb6 Kg7 26. Kh1 Rh8 27. Na5 Bd7 28. Rb7
Rac8 29. Rfb1 g4 30. Qb2 gxh3 31. gxh3 Qxb2 32. R1xb2 Kf6 33. Re2 Ba4 34. Rb6
Ne8 35. Kg2 Rg8+ 36. Kf2 Bd7 37. Rxa6 Bxf5 38. Bxf5 Kxf5 39. Nc6 Kg5 40. Ne7
Nc7 41. Nxg8 Nxa6 1/2-1/2

[Event "C.to Europeo U18 femminile"]
[Site "Budva MNE"]
[Date "2013.10.03"]
[Round "5"]
[White "Di Benedetto, Desiree"]
[Black "Mahmutbegovic, Nadina"]
[Result "1-0"]
[WhiteElo "1822"]
[BlackElo "1809"]
[PlyCount "139"]
[EventDate "2013.09.29"]

1. e4 e5 2. Nf3 Nc6 3. Bb5 a6 4. Ba4 Nf6 5. O-O Be7 6. Re1 b5 7. Bb3 O-O 8. d4
d6 9. c3 Bg4 10. d5 Na5 11. Bc2 c6 12. h3 Bd7 13. dxc6 Bxc6 14. Bg5 h6 15. Bxf6
Bxf6 16. Nbd2 Qc7 17. Nf1 Nc4 18. Rb1 Rad8 19. Qe2 Rfe8 20. N3d2 Nxd2 21. Nxd2
g6 22. Bb3 Bg7 23. h4 Kh7 24. h5 Rf8 25. Rbd1 d5 26. exd5 Bxd5 27. Bxd5 Rxd5
28. hxg6+ fxg6 29. Nf3 Rxd1 30. Rxd1 Qf7 31. b3 Qf5 32. Rd6 Qb1+ 33. Rd1 Qf5
34. Re1 Rc8 35. c4 bxc4 36. bxc4 Rc5 37. Rd1 Qg4 38. Rc1 e4 39. Nd4 Qf4 40. Nb3
Rg5 41. Re1 Rh5 42. g3 Qf7 43. c5 Re5 44. Qxa6 e3 45. f4 Re6 46. Qd3 Qe8 47.
Qe2 Bc3 48. Rc1 Bb4 49. Rc4 Re4 50. Rc2 Qc8 51. Kh2 Qc7 52. c6 Bd6 53. Qf3 Re7
54. Nd4 Qb6 55. Ne2 Bb4 56. c7 Rxc7 57. Rxc7+ Qxc7 58. Qxe3 Bc5 59. Qd3 Kh8 60.
a4 Qc6 61. a5 Be7 62. Qc3+ Qxc3 63. Nxc3 Bb4 64. a6 Bc5 65. Nb5 Kg7 66. a7 Bxa7
67. Nxa7 g5 68. fxg5 hxg5 69. Kh3 Kg6 70. Kg4 1-0

[Event "C.to Europeo U18 femminile"]
[Site "Budva MNE"]
[Date "2013.10.05"]
[Round "6"]
[White "Di Benedetto, Desiree"]
[Black "Stoeri, Laura"]
[Result "0-1"]
[WhiteElo "1822"]
[BlackElo "2103"]
[PlyCount "106"]
[EventDate "2013.09.29"]

1. e4 e5 2. Nf3 Nc6 3. Bb5 a6 4. Ba4 Nf6 5. O-O Be7 6. Re1 b5 7. Bb3 d6 8. c3
O-O 9. d4 Bg4 10. d5 Nb8 11. h3 Bc8 12. a4 Bb7 13. axb5 axb5 14. Rxa8 Bxa8 15.
Nbd2 Nbd7 16. Nf1 c6 17. dxc6 Bxc6 18. Ng3 Nc5 19. Bc2 Re8 20. b4 Ne6 21. Bb3
Bf8 22. Bb2 Qa8 23. Qc2 Qb7 24. Nd2 Ng5 25. f3 Ne6 26. Ndf1 Nf4 27. Rd1 d5 28.
exd5 Bxd5 29. Bxd5 N6xd5 30. Nf5 Qb6+ 31. Qf2 Qg6 32. N5g3 h5 33. Kh2 Qf6 34.
Ne3 Qb6 35. Ngf1 e4 36. Rd4 Nxe3 37. Qxe3 Nd3 38. Qe2 Nxb2 39. Qxb2 exf3 40.
gxf3 Bd6+ 41. Kg2 Re6 42. Qf2 Qc7 43. Rd3 Qc8 44. f4 Qc4 45. Qd4 Rg6+ 46. Kf3
Qa2 47. Qf2 Qe6 48. h4 Bxf4 49. Rd8+ Kh7 50. Rd4 Qg4+ 51. Ke4 Bg3+ 52. Kd3 Bxf2
53. Rxg4 hxg4 0-1

[Event "C.to Europeo U18 femminile"]
[Site "Budva MNE"]
[Date "2013.10.06"]
[Round "7"]
[White "Ratsma, Rosa"]
[Black "Di Benedetto, Desiree"]
[Result "0-1"]
[WhiteElo "1870"]
[BlackElo "1822"]
[PlyCount "120"]
[EventDate "2013.09.29"]

1. e4 e6 2. d4 d5 3. Nd2 c5 4. exd5 Qxd5 5. Ngf3 cxd4 6. Bc4 Qd8 7. Nb3 Nc6 8.
Nbxd4 Nxd4 9. Qxd4 Qxd4 10. Nxd4 a6 11. a4 Nf6 12. Bf4 Bd7 13. O-O Rc8 14. Be2
Nd5 15. Bg3 Bc5 16. Nf3 f6 17. c3 Kf7 18. Nd2 Rhd8 19. Ne4 Be7 20. Rfd1 Bc6 21.
a5 f5 22. c4 fxe4 23. cxd5 exd5 24. Be5 Bb4 25. Bd4 g6 26. Bb6 Rf8 27. Rac1 Ba4
28. Rf1 Bd2 29. Ra1 Bb3 30. Ra3 Bc4 31. Bxc4 Rxc4 32. Rd1 Rfc8 33. Kf1 Rc1 34.
Ke2 Rxd1 35. Kxd1 Bf4 36. g3 Be5 37. Rb3 Ke6 38. Ba7 Rc7 39. Rb6+ Kf5 40. Bb8
Rf7 41. Ba7 Bd4 42. Rxa6 bxa6 43. Bxd4 Rc7 44. b3 Kg4 45. h4 Kf3 46. Kd2 Kg2
47. Bb6 Rc8 48. Ke3 Rc2 49. Kd4 Rd2+ 50. Ke5 Rxf2 51. Kxd5 Re2 52. Kc6 Rb2 53.
Kb7 Rxb3 54. Kxa6 e3 55. Bxe3 Rxe3 56. g4 Re4 57. h5 gxh5 58. gxh5 Rh4 59. Kb7
Rxh5 60. a6 Ra5 0-1

[Event "C.to Europeo U18 femminile"]
[Site "Budva MNE"]
[Date "2013.10.07"]
[Round "8"]
[White "Di Benedetto, Desiree"]
[Black "Mirzabekyan, Svetlana"]
[Result "0-1"]
[WhiteElo "1822"]
[BlackElo "1894"]
[PlyCount "70"]
[EventDate "2013.09.29"]

1. e4 e5 2. Nf3 Nc6 3. Bb5 a6 4. Ba4 Nf6 5. O-O Be7 6. Re1 b5 7. Bb3 d6 8. c3
O-O 9. d4 Bg4 10. d5 Na5 11. Bc2 c6 12. h3 Bc8 13. dxc6 Qc7 14. Nbd2 Qxc6 15.
a4 Bd7 16. Nf1 Rfc8 17. Ne3 g6 18. b4 Nc4 19. Nxc4 Qxc4 20. Bb2 Qc7 21. Bb3 Bc6
22. Ng5 Rf8 23. Qc2 Qb7 24. axb5 axb5 25. Rxa8 Qxa8 26. Bxf7+ Rxf7 27. Qb3 d5
28. Nxf7 Kxf7 29. f3 Kg7 30. exd5 Bxd5 31. Qc2 Bc4 32. Rxe5 Bd6 33. Re1 Qa7+
34. Qf2 Bh2+ 35. Kxh2 Qxf2 0-1

[Event "C.to Europeo U18 femminile"]
[Site "Budva MNE"]
[Date "2013.10.08"]
[Round "9"]
[White "Tomic, Milanka"]
[Black "Di Benedetto, Desiree"]
[Result "1/2-1/2"]
[WhiteElo "1672"]
[BlackElo "1822"]
[PlyCount "84"]
[EventDate "2013.09.29"]

1. d4 Nf6 2. c4 c5 3. d5 g6 4. Nc3 Bg7 5. Nf3 O-O 6. e4 d6 7. h3 e6 8. Be2 exd5
9. exd5 Na6 10. O-O Nc7 11. a4 a6 12. a5 Rb8 13. Bg5 h6 14. Bh4 g5 15. Bg3 Bf5
16. Bd3 Bxd3 17. Qxd3 b6 18. axb6 Rxb6 19. Ra2 Qd7 20. Nd2 Nh5 21. Bh2 f5 22.
Re1 Rfb8 23. b3 Nf6 24. Qg3 Nfe8 25. Rc2 Be5 26. Qf3 f4 27. Na4 Rb4 28. Nxc5
dxc5 29. Rxe5 Nd6 30. Rc1 Nf7 31. Re2 Qf5 32. Rce1 Kf8 33. Re7 Re8 34. Rxe8+
Nxe8 35. Qe2 Ned6 36. Qe7+ Kg8 37. h4 Rb7 38. Qe6 Qc2 39. Qe2 Nf5 40. hxg5 hxg5
41. Qd1 Qd3 42. Ne4 Qxb3 1/2-1/2

[Event "IV Open B"]
[Site "Biella ITA"]
[Date "2013.09.27"]
[Round "1"]
[White "Barbero, Marco"]
[Black "Costantino, Gian Franco"]
[WhiteElo "1969"]
[BlackElo "1768"]
[Result "1-0"]
[PlyCount "87"]
[EventDate "2013.09.27"]

1. e4 c5 2. Nf3 Nc6 3. Bb5 g6 4. O-O Bg7 5. Re1 Nf6 6. Nc3 O-O 7. e5 Ng4 8.
Bxc6 dxc6 9. d3 Qc7 10. Bf4 Nh6 11. Qd2 Nf5 12. Ne4 Qb6 13. c3 h5 14. Rab1 Be6
15. b4 cxb4 16. Rxb4 Qc7 17. Nc5 b6 18. Nxe6 fxe6 19. Nd4 Nxd4 20. cxd4 a5 21.
Rc4 b5 22. Rc5 Qd7 23. Be3 Rfb8 24. Rec1 Ra6 25. Qc2 Rbb6 26. Qd1 b4 27. Qa4
Rb5 28. R1c4 Rxc5 29. Rxc5 Qc7 30. Qb3 Kf7 31. Qc4 Qb7 32. d5 exd5 33. Qf4+ Kg8
34. e6 Qc8 35. Qf7+ Kh7 36. Qxe7 Qf8 37. Qb7 Qa8 38. Qxa8 Rxa8 39. Rxc6 a4 40.
Rc7 Kh8 41. e7 b3 42. Ra7 bxa2 43. Rxa8+ Kh7 44. Rxa4 1-0

[Event "IV Open B"]
[Site "Biella ITA"]
[Date "2013.09.27"]
[Round "1"]
[White "Isoardi, Luigi"]
[Black "Gastaldello, Lorenzo"]
[WhiteElo "1767"]
[BlackElo "1963"]
[Result "0-1"]
[PlyCount "42"]
[EventDate "2013.09.27"]

1. d4 d5 2. Nf3 Nf6 3. e3 e6 4. Bd3 c5 5. c3 Bd6 6. Nbd2 Nbd7 7. O-O O-O 8. Re1
Qc7 9. dxc5 Nxc5 10. Bc2 Rd8 11. Qe2 b6 12. Kh1 Ba6 13. Qd1 Nce4 14. Nxe4 dxe4
15. Nd2 Bxh2 16. f4 Bg3 17. Rg1 Qc5 18. Nb3 Qf5 19. Qf3 Qg6 20. Qxg3 Qxg3 21.
Rd1 Ng4 0-1

[Event "IV Open B"]
[Site "Biella ITA"]
[Date "2013.09.27"]
[Round "1"]
[White "Lucchese, Paolo"]
[Black "Listello, Massimiliano"]
[WhiteElo "1949"]
[BlackElo "1767"]
[Result "0-1"]
[PlyCount "82"]
[EventDate "2013.09.27"]

1. e4 c5 2. Nf3 Nc6 3. d4 cxd4 4. Nxd4 e5 5. Nb5 d6 6. a4 Be7 7. N1c3 a6 8. Na3
Nf6 9. Bg5 Rb8 10. Bxf6 gxf6 11. Bc4 O-O 12. Qh5 Nd4 13. Nd5 b5 14. axb5 axb5
15. Bd3 Be6 16. O-O Qd7 17. Rae1 b4 18. Nc4 Bxd5 19. exd5 f5 20. Re3 Bf6 21.
Rg3+ Bg7 22. Qh6 f6 23. Nxd6 e4 24. Bc4 Rb6 25. c3 Kh8 26. Qh5 bxc3 27. bxc3
Rxd6 28. cxd4 Rc8 29. Rh3 h6 30. Qe2 Qc7 31. Bb3 Qb6 32. Rd1 Qd8 33. Qe3 Qd7
34. Ra1 Rb6 35. f3 Rcb8 36. Bc2 Rb2 37. Qc3 Qxd5 38. Ra7 Rxc2 39. Qxc2 Qxd4+
40. Kf1 Qxa7 41. Ke2 Qd4 0-1

[Event "IV Open B"]
[Site "Biella ITA"]
[Date "2013.09.27"]
[Round "1"]
[White "Prevedello, Daniele"]
[Black "Raselli, Claudio"]
[WhiteElo "1760"]
[BlackElo "1941"]
[Result "0-1"]
[PlyCount "40"]
[EventDate "2013.09.27"]

1. d4 d5 2. Nf3 c5 3. c4 e6 4. e3 Nf6 5. Nc3 Be7 6. dxc5 Bxc5 7. cxd5 exd5 8.
Be2 Nc6 9. O-O O-O 10. a3 a6 11. Qc2 Qe7 12. Rd1 Be6 13. Ng5 Rac8 14. b4 Ba7
15. Bb2 d4 16. exd4 Nxd4 17. Qb1 Rxc3 18. Bd3 Rxd3 19. Qxd3 Bf5 20. Re1 Qxe1+
0-1

[Event "IV Open B"]
[Site "Biella ITA"]
[Date "2013.09.28"]
[Round "2"]
[White "Doromeychuk, Anton"]
[Black "Barbero, Marco"]
[WhiteElo "1794"]
[BlackElo "1969"]
[Result "0-1"]
[PlyCount "56"]
[EventDate "2013.09.27"]

1. d4 d5 2. g3 c6 3. Bg2 Nf6 4. Nf3 Bf5 5. Nh4 Be6 6. b3 g6 7. Bg5 Nbd7 8. Nd2
Qb6 9. c3 h6 10. Be3 Ng4 11. Nf1 Nxe3 12. Nxe3 Bg7 13. O-O Bf6 14. Nf3 O-O 15.
Ne1 Qa5 16. b4 Qc7 17. f4 Nb6 18. f5 Bg5 19. N1c2 Bd7 20. Qd3 Kg7 21. Ng4 Bxf5
22. Rxf5 gxf5 23. h4 fxg4 24. hxg5 hxg5 25. e4 dxe4 26. Bxe4 f5 27. Bxf5 Rxf5
28. Qxf5 Qxg3+ 0-1

[Event "IV Open B"]
[Site "Biella ITA"]
[Date "2013.09.28"]
[Round "2"]
[White "Gastaldello, Lorenzo"]
[Black "Negro, Francesco P."]
[WhiteElo "1963"]
[BlackElo "1808"]
[Result "1-0"]
[PlyCount "35"]
[EventDate "2013.09.27"]

1. c4 e5 2. Nc3 Nf6 3. g3 d5 4. cxd5 Nxd5 5. Bg2 Be6 6. d3 Nc6 7. Nf3 Be7 8.
O-O O-O 9. Bd2 f5 10. Rc1 Bf6 11. a3 Qe7 12. Nxe5 Nxc3 13. Nxc6 bxc6 14. Bxc3
Bd5 15. Bb4 Qe6 16. Bxf8 Bxg2 17. Kxg2 Bxb2 18. Rc2 1-0

[Event "IV Open B"]
[Site "Biella ITA"]
[Date "2013.09.28"]
[Round "2"]
[White "Monticone, Sonia"]
[Black "Guerini, Silvia jr"]
[WhiteElo "1870"]
[BlackElo "1777"]
[Result "0-1"]
[PlyCount "92"]
[EventDate "2013.09.27"]

1. e4 c6 2. Nc3 d5 3. Nf3 dxe4 4. Nxe4 Nd7 5. Bc4 e6 6. d4 Ngf6 7. Nxf6+ Nxf6
8. O-O h6 9. a4 a5 10. Ne5 Bd6 11. f4 O-O 12. Kh1 Qc7 13. Qe2 c5 14. dxc5 Bxc5
15. c3 b6 16. Bd2 Bb7 17. Nxf7 Rxf7 18. Bxe6 Re8 19. Bxf7+ Kxf7 20. Qc4+ Bd5
21. Qb5 Qb7 22. Rg1 Ne4 23. Be1 Nf2+ 24. Bxf2 Bxf2 25. Rad1 Bc6 26. Qh5+ Kg8
27. Qg6 Bxg1 28. Kxg1 Qe7 29. Qd3 Kh8 30. b3 Qh4 31. Qd2 Qg4 32. h3 Qh5 33. Re1
Rxe1+ 34. Qxe1 Qd5 35. Qg3 Qxb3 36. f5 Qd5 37. Qg6 Qe4 38. Qg3 Qxf5 39. Qb8+
Kh7 40. Qxb6 Qd5 41. Qb1+ Qe4 42. Qxe4+ Bxe4 43. Kf2 Bc6 44. g4 Kg6 45. h4 Bxa4
46. Ke3 Bd7 0-1

[Event "IV Open B"]
[Site "Biella ITA"]
[Date "2013.09.28"]
[Round "2"]
[White "Raselli, Claudio"]
[Black "Moratto, Davide"]
[WhiteElo "1941"]
[BlackElo "1786"]
[Result "1-0"]
[PlyCount "81"]
[EventDate "2013.09.27"]

1. c4 e5 2. Nc3 Nc6 3. g3 f5 4. Bg2 Nf6 5. e3 Bb4 6. Nge2 O-O 7. O-O Ne7 8. Nd5
Nexd5 9. cxd5 Rb8 10. a3 Bd6 11. b4 c6 12. Nc3 Kh8 13. Bb2 e4 14. d3 Qe7 15.
dxe4 fxe4 16. dxc6 dxc6 17. Qa4 a6 18. Qc2 Bf5 19. Ne2 Rbc8 20. Nd4 Bg6 21. Bh3
Rc7 22. Ne6 Re8 23. Nxc7 Bxc7 24. Bxf6 Qxf6 25. Rad1 Qe5 26. Rd7 h5 27. Qd2 Rf8
28. Qd4 Qxd4 29. Rxd4 Rf7 30. Rfd1 Be5 31. Rd7 Rf8 32. Rxb7 Bf7 33. Rdd7 Bd5
34. Bf1 h4 35. Bxa6 hxg3 36. hxg3 Rf5 37. Bf1 Rh5 38. a4 Bb3 39. a5 Bf6 40. a6
c5 41. a7 1-0

[Event "IV Open B"]
[Site "Biella ITA"]
[Date "2013.09.28"]
[Round "3"]
[White "Barbero, Marco"]
[Black "Scagliotti, Guglielmo"]
[WhiteElo "1969"]
[BlackElo "1840"]
[Result "1-0"]
[PlyCount "83"]
[EventDate "2013.09.27"]

1. e4 c5 2. Nf3 d6 3. d4 cxd4 4. Nxd4 Nf6 5. Nc3 a6 6. Bc4 e6 7. Bb3 Be7 8. Qf3
Qc7 9. O-O b5 10. a3 O-O 11. Qg3 Kh8 12. Be3 Nc6 13. f4 Bb7 14. Rad1 Nd7 15.
Bxe6 Nc5 16. Ba2 Nxd4 17. Bxd4 Bf6 18. Bxf6 gxf6 19. Bd5 Rg8 20. Qh4 Rg6 21.
Rf2 Re8 22. f5 Rg5 23. Re1 Bc8 24. Qh6 Qe7 25. Bc6 Reg8 26. Nd5 Qa7 27. Qxf6+
R8g7 28. Qd8+ Rg8 29. Qb6 Qxb6 30. Nxb6 Bb7 31. Bxb7 Nxb7 32. b4 Rd8 33. Nd5
Rc8 34. Re3 Rc4 35. Rfe2 Rg4 36. Nf6 Rg7 37. e5 Rc8 38. e6 fxe6 39. fxe6 Re7
40. Nd5 Ree8 41. e7 Kg7 42. Rf2 1-0

[Event "IV Open B"]
[Site "Biella ITA"]
[Date "2013.09.28"]
[Round "3"]
[White "Bisi, Riccardo"]
[Black "Raselli, Claudio"]
[WhiteElo "1757"]
[BlackElo "1941"]
[Result "1/2-1/2"]
[PlyCount "45"]
[EventDate "2013.09.27"]

1. e4 c5 2. Nf3 e6 3. d4 cxd4 4. Nxd4 Nc6 5. Nc3 a6 6. Be3 Nf6 7. f3 Qc7 8. Qd2
Nxd4 9. Bxd4 e5 10. Be3 Bb4 11. O-O-O d6 12. a3 Bxc3 13. Qxc3 Qxc3 14. bxc3 Ke7
15. Bc4 Be6 16. Bb3 Rac8 17. Kb2 Rc6 18. Rd3 Rhc8 19. Bg5 Bc4 20. Re3 h6 21.
Bxf6+ gxf6 22. Rd1 Rc5 23. g3 1/2-1/2

[Event "IV Open B"]
[Site "Biella ITA"]
[Date "2013.09.28"]
[Round "3"]
[White "Drago, Paolo"]
[Black "Bejo, Armand"]
[WhiteElo "1858"]
[BlackElo "1621"]
[Result "1-0"]
[PlyCount "113"]
[EventDate "2013.09.27"]

1. d4 Nf6 2. c4 d5 3. Nc3 e6 4. Nf3 Be7 5. Bg5 Nbd7 6. e3 O-O 7. Rc1 c5 8. cxd5
Nxd5 9. Bxe7 Qxe7 10. Nxd5 exd5 11. dxc5 Nf6 12. Be2 a5 13. O-O Be6 14. Nd4
Rfc8 15. Qb3 Ne4 16. c6 Rc7 17. Qb6 Nd2 18. Rfd1 Nc4 19. Bxc4 dxc4 20. Nxe6
fxe6 21. Rxc4 Ra6 22. Qb5 Rcxc6 23. Rxc6 Rxc6 24. Qxa5 Kf7 25. h3 b6 26. Qb5
Qc7 27. Qh5+ Kf6 28. Qxh7 Rc1 29. Qh5 Qc2 30. Qh4+ Kf7 31. Qf4+ Kg6 32. Rxc1
Qxc1+ 33. Kh2 Qxb2 34. a4 e5 35. Qe4+ Kh6 36. Kg3 Qc3 37. h4 g6 38. Qa8 Kg7 39.
Qb7+ Kh6 40. Qxb6 e4 41. Qd4 Qc7+ 42. Kh3 Qc8+ 43. Kh2 Qb8+ 44. g3 Qa8 45. a5
Kh7 46. Qb6 Qd5 47. Qc7+ Kg8 48. a6 Qa2 49. Qd8+ Kf7 50. Qd7+ Kf6 51. Qd6+ Kg7
52. Qe7+ Kh6 53. Qf6 Kh7 54. Kg2 Qd5 55. Qe7+ Kg8 56. a7 Qa8 57. Qc7 1-0

[Event "IV Open B"]
[Site "Biella ITA"]
[Date "2013.09.28"]
[Round "3"]
[White "Guerini, Silvia jr"]
[Black "Gastaldello, Lorenzo"]
[WhiteElo "1777"]
[BlackElo "1963"]
[Result "1/2-1/2"]
[PlyCount "35"]
[EventDate "2013.09.27"]

1. e4 c6 2. Nf3 d5 3. Nc3 Bg4 4. h3 Bxf3 5. Qxf3 Nf6 6. Be2 e6 7. O-O Nbd7 8.
d4 dxe4 9. Nxe4 Nxe4 10. Qxe4 Nf6 11. Qd3 Bd6 12. Bg5 Bc7 13. Bh4 Rg8 14. Rad1
g5 15. Bg3 g4 16. h4 Bxg3 17. fxg3 h5 18. Rf2 1/2-1/2